Swedish cities in Blekinge - Statistics

General Stats
  • This quiz has been taken 9 times
  • The average score is 9 of 41
Answer Stats
Hint Answer % Correct
36,477 Karlskrona
100%
12,612 Ronneby
100%
20,112 Karlshamn
89%
8,972 Sölvesborg
78%
7,526 Olofström
56%
4,664 Kallinge
33%
3,284 Nättraby
33%
3,508 Rödeby
33%
386 Backaryd
22%
1,708 Bräkne-Hoby
22%
213 Brömsebro
22%
1,545 Hallevik
22%
1,606 Hasslö
22%
2,629 Jämjö
22%
766 Johannishus
22%
1,319 Mjällby
22%
3,903 Mörrum
22%
275 Eringsboda
11%
397 Fågelmara
11%
223 Gränum
11%
261 Hallabro
11%
802 Hörvik
11%
1,612 Jämshög
11%
447 Kuggeboda
11%
814 Norje
11%
343 Pukavik
11%
1,325 Sturkö
11%
1,904 Svängsta
11%
559 Torhamn
11%
548 Tving
11%
214 Ysane
11%
708 Fridlevstad
0%
370 Holmsjö
0%
266 Kättilsmåla
0%
264 Lörby
0%
222 Nävragöl
0%
532 Nogersund
0%
749 Ronnebyhamn
0%
221 Sjuhalla
0%
398 Spjutsbygd
0%
303 Vilshult
0%
No matching quizzes found
Score Distribution
Percent of People with Each Score
Percentile by Number Answered
Your Score History
You have not taken this quiz